000
00343 a2200169 4500
001
187692
020
_a
85-08-08388-2
040
_c
Magnum
100
_a
Furnari, Eva
240
1
0
_a
O circo da lua
_l
por
245
1
0
_a
O circo da lua
300
_a
32
362
0
_a
2006
440
1
_a
Ática
697
_a
LITERATURA INFANTIL
942
_c
BK
999
_c
187692
_d
187692